00908nam a22002177a 450000500170000000800410001702000150005805000230007324501690009625000110026526001030027630000280037950400280040765000160043565000450045165000360049665000480053270000460058070000300062670000340065620241014143633.0 t ag ad gr|||| 00| 0 spa|d a987901743904aHG178.3 bF56 200500aFinanzas y economía socialb : modalidades en el manejo de los recursos solidariosc / Alberto M. Federico Sabaté, Ruth Muñoz, Sabina Ozomek, (compiladores). a1a ed. aBuenos Aires : bUniversidad Nacional de General Sarmiento :bAltamira : bFundación OSDE,c2005 a508 p. :bil. ;c23 cm. aIncluye bibliografías 42 aFinanzas 72lembaIndustria de servicios financieros 72lembaPobresxEconomía social 72lembaEconomía xAspectos sociológicos1 aSabaté, Alberto M. Federicoecompilador1 aMuñoz, Ruthecompilador1 aOzomek, Sabinad ecompilador